Best Player from each Premier League club - Statistics

General Stats
  • This quiz has been taken 37 times
  • The average score is 14 of 20
Answer Stats
Club Pos. Nation Rating Player % Correct
Tottenham Hotspur ST England 89 Harry Kane
97%
Arsenal ST Gabon 88 Pierre Emerick Aubameyang
97%
Liverpool CB Netherlands 90 Virgil van Dijk
97%
Manchester United GK Spain 89 David de Gea
93%
Manchester City CAM Belgium 91 Kevin de Bruyne
93%
Chelsea CDM France 89 N'Golo Kante
93%
Leicester City ST England 82 Jamie Vardy
90%
Crystal Palace CF Ivory Coast 83 Wilfried Zaha
86%
Wolverhampton Wanderers CM Portugal 84 Joao Moutinho
76%
Everton LB France 83 Lucas Digne
76%
West Ham United LW Brazil 84 Felipe Anderson
72%
Newcastle United LW Paraguay 80 Miguel Almiron
72%
Burnley CB England 79 James Tarkowski
62%
Watford CDM France 81 Abdoulaye Doucoure
59%
Bournemouth LW Scotland 81 Ryan Fraser
55%
Southampton CM England 79 James Ward-Prowse
52%
Aston Villa GK England 80 Tom Heaton
52%
Brighton LW Belgium 79 Leandro Trossard
41%
Norwich City GK Germany 80 Ralf Fahrmann
38%
Sheffield United CB England 76 Phil Jagielka
21%
No matching quizzes found
Score Distribution
Percent of People with Each Score
Percentile by Number Answered
Your Score History
You have not taken this quiz